Quizzes
Events
Quiz Creation
Community
Videos
Private Events
Remove Ads
Sign In
Join for FREE
Feedback
Dark Mode
Quiz Categories
Sports
Geography
Music
Movies
Television
Just For Fun
Miscellaneous
History
Literature
Language
Science
Gaming
Entertainment
Religion
Holiday
For Kids
Quiz Lab
Recent
Popular Today
Quiz Kudos Today
Editor Picks
Curator Picks
Quizzes by...
Day
Popularity
Type
Ratings
Length
Year
Community
Subscriptions
Recent Discussions
Orange Saloon
Badges
Playlists
Quests
Create
Leaderboards
Showdown
Live 5
Trivia Bingo
Activity
Puzzle Library
Sporcle Events
Private Events
Virtual Trivia
Globe League
Become a Host
Pub Owners
SporcleCon
Opinionation
Our Games
Videos
Blog
Mobile Apps
Partnerships
Remove Ads and Go Orange
Feedback
Sports
Athletes
MLB
NBA
NHL
NFL
Soccer
Sports Teams
WWE
NCAA
Football
Premier League
Basketball
Baseball
Hockey
Golf
Tennis
Cricket
Rugby
Auto Racing
Olympics
World Cup
Sports
Athletes
MLB
NBA
NHL
NFL
Soccer
Sports Teams
WWE
NCAA
Football
Premier League
Basketball
Baseball
Hockey
Golf
Tennis
Cricket
Rugby
Auto Racing
Olympics
World Cup
Random Quiz
Search Sporcle
×
Quiz Lab
Quiz Lab
Sports
Denver Broncos
Type in answers that appear in a list
Type in answers that appear in a list
Classic
Best Score? Go Orange.
Denver Broncos First-Team All-Pros Stats
Can you name the Denver Broncos First-Team All-Pros?
By
IAOFM
12m
36 Questions
280 Plays
280 Plays
280 Plays
Comments
Comments
Give Quiz Kudos
Give Quiz Kudos
-
- Ratings
hide this ad
More Info
Replay
Link that replays current quiz
Next Quiz
Link to next quiz in quiz playlist
You Got
0%
They Got
Avg Score
39%
Avg Friend Score
Upgrade to see
Score Distribution
Jump to the score distribution portion of the page
Score
0/36
Timer
12:00
0
Plays Today
Times All-Pro
Player
% Correct
3
Terrell Davis
92.1%
2
Peyton Manning
87.5%
1
Von Miller
85.9%
4
Champ Bailey
85.7%
4
Shannon Sharpe
78.9%
2
Steve Atwater
72.1%
1
Tom Jackson
71.1%
3
Rich Jackson
67.9%
1
Floyd Little
65.4%
3
Karl Mecklenburg
62.1%
2
Randy Gradishar
57.5%
2
Tom Nalen
57.1%
1
Elvis Dumervil
57.1%
2
Ryan Clady
56.8%
1
Gary Zimmerman
56.1%
1
Al Wilson
49.6%
1
Alfred Williams
45.4%
1
Rulon Jones
41.4%
Times All-Pro
Player
% Correct
1
Lyle Alzado
40.7%
1
Trevor Pryce
35%
2
Louis Wright
32.5%
1
John Mobley
30.7%
3
Rick Upchurch
30.4%
1
Louis Vasquez
27.8%
1
Billy Thompson
22.5%
1
Otis Armstrong
22.5%
4
Lionel Taylor
22.1%
2
Riley Odoms
16.8%
1
Bob Swenson
13.9%
1
Mike Horan
13.2%
2
Goose Gonsoulin
12.5%
1
Willie Brown
10.7%
1
Cookie Gilchrist
6.8%
1
Luke Prestridge
6.4%
3
Bud McFadin
4.6%
1
Ken Adamson
3.6%
Quiz Playlist
Details
Report
Send in Message
Add To Playlist
More Info:
Through 2013 NFL season
Classic:
Type in answers that appear in a list
Quiz Source
Last Updated: Feb 16, 2017
Quiz Scoreboard
CHALLENGE
Sign Up to Join the Scoreboard
Show All
Scores
Hide
Comments
May contain spoilers
Recently Published
Pick 6: Fruits
by JohnFran
Miscellaneous
15s
Click the 1999 NBA Draft
by nibperrychub
Sports
2m
Alphabetical 'K' Countries by Flag Minefield
by ylime102
Geography
3m
More to Explore
Quiz From the Vault
Featured Blog Post
15 Basketball Trivia Facts You Can Be March Mad About
hide this ad
You Might Also Like...
Tags
Denver Broncos
Today's Top Quizzes in Sports
Browse Sports
hide this ad
Today's Top Quizzes in Denver Broncos
Browse Denver Broncos
Top Contributed Quizzes in Sports
1
Don't Strike Out: 3000 Strikeouts
2
MLB 2 truths and a lie: Hall of Fame pitchers
3
MLB Players with Two .350 Batting Average Seasons
4
Last 10 Members of the 500 HR Club in Order
5
Criteria MLB: Left Handed Sluggers
6
One Time Final Four Teams
7
Millionaire: NBA Finals Edition
8
MLB Teams by First Game
9
Pitchers With Multiple No-Hitters
10
Pick 6: NFL Teams
Explore More
Trending Topics
Harry Potter
Marvel
Kpop
Disney
Anime
Crossword
NBA
NFL
Soccer
Country
Puzzle
Song
WWE
Pokémon
The Office
hide this ad
More By:
IAOFM
Quiz
Plays
Rating
Category
Featured
Created
Broncos QBs with 300-yard passing games
788
4.50
Sports
Sep 15, 2010
Denver Broncos 1,000-yard Receivers
586
5.00
Sports
Jul 21, 2014
Broncos Playoff Opponents through 2013 season
381
4.00
Sports
Nov 19, 2010
Broncos with 100-yard receiving games
365
5.00
Sports
Sep 17, 2010
Broncos 1,000-yard Rushers
317
2.00
Sports
Oct 22, 2010
Go to Creator's Profile
Score Distribution
Quiz Creator Spotlight
IAOFM
Follow
Send a Message
Quizzes Created
-
Created Quiz Play Count
-
More By This Creator
Popular Quizzes Today
1
Find the US States - No Outlines Minefield
2
Countries of Asia Without Outlines Minefield
3
Pick 6: Fruits
4
Alphabetical 'K' Countries by Flag Minefield
5
The Countries of the World
6
Click the 1999 NBA Draft
7
Find the US States
8
Match the Book to the Film X
More Sports Quizzes
Manchester United 2022/23 Opening Day Roster
Quiz Lab
Trending Quizzes
Pick 6: Harry Potter
Pick 6: Mountains
Pick 6: NFL Teams
Pick 6: Movie Franchises
Pick 6: Golfers
Recently Updated
Women's Final Four Teams by Year
bhenderson79
Presidents Quartet II
eogle
Anything But Clue(do)
eogle
Anything But Oceanian Capitals
eogle
Anything But 7
eogle
Anything But Thing
eogle
Word Ladder: February 29
pecheneg
Song Title Questions
pecheneg
Women's NCAA Tournament #1 Seeds
pecheneg
Celebrity Mug Shots
pecheneg
Trending Topics
Disney
Crossword
NBA
Marvel
Anime
Kpop
Harry Potter
WWE
The Office
Soccer
Country
Pokémon
Song
NFL
Puzzle
Your Account Isn't Verified!
In order to create a playlist on Sporcle, you need to verify the email address you used during registration. Go to your
Sporcle Settings
to finish the process.
Report this User
Report this user for behavior that violates our
Community Guidelines
.
Details:
Send Report
Go to the Sporcle.com Mobile Site →
Comments